<?xml version="1.0" encoding="UTF-8"?><?xml-stylesheet type="text/xsl" href="static/style.xsl"?><OAI-PMH xmlns="http://www.openarchives.org/OAI/2.0/" xmlns:xsi="http://www.w3.org/2001/XMLSchema-instance" xsi:schemaLocation="http://www.openarchives.org/OAI/2.0/ http://www.openarchives.org/OAI/2.0/OAI-PMH.xsd"><responseDate>2026-06-30T22:38:05Z</responseDate><request verb="GetRecord" identifier="oai:riubu.ubu.es:10259/4981" metadataPrefix="marc">https://riubu.ubu.es/oai/request</request><GetRecord><record><header><identifier>oai:riubu.ubu.es:10259/4981</identifier><datestamp>2024-07-18T09:59:44Z</datestamp><setSpec>com_10259_9433</setSpec><setSpec>com_10259_5087</setSpec><setSpec>com_10259_2728</setSpec><setSpec>col_10259_9434</setSpec></header><metadata><record xmlns="http://www.loc.gov/MARC21/slim" xmlns:doc="http://www.lyncode.com/xoai" xmlns:xsi="http://www.w3.org/2001/XMLSchema-instance" xmlns:dcterms="http://purl.org/dc/terms/" xsi:schemaLocation="http://www.loc.gov/MARC21/slim http://www.loc.gov/standards/marcxml/schema/MARC21slim.xsd">
<leader>00925njm 22002777a 4500</leader>
<datafield tag="042" ind1=" " ind2=" ">
<subfield code="a">dc</subfield>
</datafield>
<datafield tag="720" ind1=" " ind2=" ">
<subfield code="a">Martín Tapia, Eva</subfield>
<subfield code="e">author</subfield>
</datafield>
<datafield tag="520" ind1=" " ind2=" ">
<subfield code="a">Los ftalatos son compuestos utilizados como plastificantes; su presencia está regulada, sin embargo, el diisobutil ftalato (DiBP) aún no está sujeto a prohibición en la UE. Aquí, se aborda su determinación cuantitativa en líquidos mediante espectroscopia infrarroja con transformada de Fourier en el modo reflexión total atenuada (ATR-FTIR). Se utilizan la regresión de componentes principales (PCR) y por mínimos cuadrados parciales (PLS). &#xd;
Se estudia el análisis directo de DiBP en ciclohexano. Se evalúa qué efecto tienen usar ciclohexano o aire para registrar el espectro del fondo, el número de barridos que se registran, y el pretratamiento de los datos espectrales. Se calculan algunas figuras de mérito; encontrando capacidades de detección sobre 2.000-3.000 ppm ( =  = 0.05).&#xd;
Se incluye una etapa de preconcentración para incrementar la sensibilidad; se estudia la influencia del número de depósitos. Se alcanzan capacidades de detección de hasta 52 ppm ( =  = 0.05).</subfield>
</datafield>
<datafield tag="520" ind1=" " ind2=" ">
<subfield code="a">Phthalates are a group of synthetic compounds widely used as plasticizers, mainly&#xd;
used to increase plastic flexibility, resistance and durability. These substances may be&#xd;
found in toys, cosmetics, plastic bottles, etc. Their presence in some fields is regulated&#xd;
to avoid risks to the health. Diisobutyl phthalate (DiBP) is among these phthalates,&#xd;
many of which are banned in toys, childcare articles or cosmetics; however, DiBP has&#xd;
so far not been subjected to EU ban.&#xd;
The determination of DiBP in liquid samples by means of attenuated total&#xd;
reflectance-Fourier transform infrared (ATR-FTIR) spectroscopy is approached in this&#xd;
work. Soft multivariate regression models, principal component regression (PCR) and&#xd;
partial least squares regression (PLS), are used for the quantitative analysis.&#xd;
The level of concentration for the direct analysis of DiBP in cyclohexane is studied.&#xd;
It is assessed what effect the use of cyclohexane or air to collect the background&#xd;
spectrum, the number of scans to be collected in the sample measurement, and the&#xd;
pretreatment of spectral data have on the analytical determination. Some figures of&#xd;
merit are calculated to establish the performance of the analytical method. Values of&#xd;
the capability of detection around 2.000-3.000 ppm are achieved (a = b = 0.05).&#xd;
A preconcentration step is included in the method in order to increase its sensitivity.&#xd;
The influence of the number of depositions on the performance of the analytical&#xd;
method is studied. Capabilities of detection down to 52 ppb are reached (a = b = 0.05).</subfield>
</datafield>
<datafield tag="024" ind2=" " ind1="8">
<subfield code="a">http://hdl.handle.net/10259/4981</subfield>
</datafield>
<datafield ind1=" " ind2=" " tag="653">
<subfield code="a">diisobutil ftalato</subfield>
</datafield>
<datafield ind1=" " ind2=" " tag="653">
<subfield code="a">ATR-FTIR</subfield>
</datafield>
<datafield ind1=" " ind2=" " tag="653">
<subfield code="a">análisis multivariante</subfield>
</datafield>
<datafield ind1=" " ind2=" " tag="653">
<subfield code="a">determinación cuantitativa</subfield>
</datafield>
<datafield ind1=" " ind2=" " tag="653">
<subfield code="a">diisobutyl phthalate</subfield>
</datafield>
<datafield ind1=" " ind2=" " tag="653">
<subfield code="a">multivariate analysis</subfield>
</datafield>
<datafield ind1=" " ind2=" " tag="653">
<subfield code="a">quantitative determination</subfield>
</datafield>
<datafield tag="245" ind1="0" ind2="0">
<subfield code="a">Determinación cuantitativa de diisobutil ftalato en líquidos mediante ATR-FTIR: estudio inicial</subfield>
</datafield>
</record></metadata></record></GetRecord></OAI-PMH>